[Event "Let's Play Chess!"]
[Site "http://www.queenalice.com/game.php?id=1208230"]
[Date "2013.8.15"]
[Round "-"]
[White "MAGI"]
[Black "spawnwolfwolverine"]
[Result "1-0"]
[WhiteElo "1684"]
[BlackElo "1682"]

1. e4 e5 2. Nc3 d6 3. d3 b6 4. Nf3 Bg4 5. h3 Bxf3 6. Qxf3 Qf6 7. Nd5 Qd8 8. d4
c6 9. Bc4 cxd5 10. Bxd5 Nd7 11. Qxf7# 1-0

[Event "Let's Play Chess!"]
[Site "http://www.queenalice.com/game.php?id=1210566"]
[Date "2013.8.22"]
[Round "-"]
[White "MAGI"]
[Black "Andrei_78"]
[Result "1-0"]
[WhiteElo "1698"]
[BlackElo "1751"]

1. e4 e5 2. Nc3 a6 3. Nf3 d6 4. d4 h6 5. dxe5 Nc6 6. Bc4 Nxe5 7. Nxe5 dxe5 8.
Qf3 Nf6 9. h3 Bd7 10. O-O Bd6 11. Bb3 O-O 12. Nd5 Nxd5 13. Bxd5 Qe7 14. Qg3 c6
15. Bxh6 Qf6 16. Bg5 Qg6 17. Qh4 cxd5 18. exd5 Rac8 19. Be7 Bxe7 20. Qxe7 Bb5
21. Rfe1 Bc4 22. Rxe5 Bb5 23. Rg5 Qxc2 24. Qf6 Qh7 25. Re1 Bd3 26. Qe7 b5 27.
Rge5 g6 28. Qb7 Qg7 29. Qxa6 Ra8 30. Qb7 Rad8 31. Qe7 Bc4 32. d6 Bxa2 33. d7 Be6
34. Rxb5 Rxd7 35. Qg5 Bc4 36. Rc5 Be6 37. b4 Rb7 38. b5 Qd4 39. Rxe6 Qd1+ 40.
Kh2 Qh5 41. Qxh5 gxh5 42. Rg5+ Kh8 43. Rxh5+ Kg7 44. Rc6 f6 45. b6 Rfb8 46. Rc7+
Rxc7 47. bxc7 Rc8 48. Rc5 Kf7 49. Rh5 Kg6 50. Rc5 Kf7 51. Rc6 Ke7 52. g4 Kd7 53.
Rxf6 Kxc7 54. h4 Re8 55. h5 Kd7 56. Rf3 Rg8 57. Kh3 Ke7 58. Kh4 Ke6 59. g5 Ke5
60. h6 Rh8 61. Kh5 Ke4 62. Rf7 Ke5 63. g6 Ke6 64. h7 Ke5 65. Kh6 Ke6 66. Rf3 Ke5
67. g7 Rb8 68. Rf8 Rb6+ 69. Kg5 Rb1 70. g8=Q Rg1+ 71. Kh6 Rxg8 72. hxg8=Q Ke4
73. Qe6+ Kd3 74. Rd8+ Kc3 75. Qc6+ Kb4 76. Rb8+ Ka5 77. Qa8# 1-0

[Event "Let's Play Chess!"]
[Site "http://www.queenalice.com/game.php?id=1226372"]
[Date "2013.10.22"]
[Round "-"]
[White "sidneyjmg"]
[Black "MAGI"]
[Result "1-0"]
[WhiteElo "2159"]
[BlackElo "1700"]

1. e4 d5 2. exd5 Qxd5 3. Nc3 Qa5 4. Nf3 Nf6 5. d4 Nc6 6. Bd2 Qf5 7. Bd3 Qg4 8.
h3 Qxg2 9. Rh2 Qxh3 10. Rxh3 Bxh3 11. Ne5 Nxd4 12. Be3 Nc6 13. Nb5 O-O-O 14.
Nxc6 Bg4 15. Bf5+ Nd7 16. Nbxa7# 1-0

[Event "Let's Play Chess!"]
[Site "http://www.queenalice.com/game.php?id=1260370"]
[Date "2014.2.27"]
[Round "-"]
[White "MAGI"]
[Black "marreta7"]
[Result "0-1"]
[WhiteElo "1720"]
[BlackElo "1657"]

1. e4 e5 2. Nc3 a6 3. Nf3 Nc6 4. Bc4 Bc5 5. d3 d6 6. Ng5 Nh6 7. Qf3 Qe7 8. O-O
Nd4 9. Qd1 Bg4 10. f3 Bxf3 11. gxf3 Nxc2+ 12. Kh1 Nxa1 13. f4 exf4 14. Bxf4 b5
15. Bxf7+ Nxf7 16. Bxd6 Bxd6 17. Rxf7 Qxg5 18. Qxa1 Kxf7 19. Qf1+ Qf6 20. Qxf6+
gxf6 21. Nd5 Rhg8 22. h4 Rg4 23. h5 Rh4+ 0-1

[Event "Let's Play Chess!"]
[Site "http://www.queenalice.com/game.php?id=1453135"]
[Date "2016.12.4"]
[Round "-"]
[White "MAGI"]
[Black "igorjava"]
[Result "0-1"]
[WhiteElo "1701"]
[BlackElo "1907"]

1. e4 c5 2. Nf3 d6 3. d3 h6 4. Nc3 a6 5. d4 cxd4 6. Qxd4 Nc6 7. Qd1 Nf6 8. h3 e5
9. Be2 Be7 10. O-O O-O 11. a3 b5 12. Nd5 Nxe4 13. Nxe7+ Nxe7 14. Be3 Qc7 15. Rc1
Be6 16. c4 Qb7 17. cxb5 axb5 18. Bd3 Rfd8 19. Re1 Nc5 20. Bxc5 dxc5 21. Rxc5 f6
22. Qe2 Bd7 23. Nxe5 fxe5 24. Rxe5 Nd5 25. Rxd5 Qxd5 26. Be4 Qe5 27. Qd1 Bc6 28.
Bh7+ Kxh7 29. Qb1+ Be4 30. Rxe4 Qf5 31. Re1 Qxb1 32. Rxb1 Rd2 33. f3 Re8 34. Kh2
Ree2 0-1

[Event "Challenge"]
[Site "http://www.queenalice.com/game.php?id=1477297"]
[Date "2017.5.8"]
[Round "-"]
[White "mvson33"]
[Black "MAGI"]
[Result "0-1"]
[WhiteElo "1706"]
[BlackElo "1693"]

1. e4 e5 2. Nf3 d6 3. Bc4 f6 4. d4 Bg4 5. Nbd2 exd4 6. h3 Bh5 7. O-O Nc6 8. a3
Ne5 9. Ba2 d3 10. cxd3 Ne7 11. d4 Nxf3+ 12. Nxf3 Qd7 13. Be3 f5 14. exf5 Nxf5
15. g4 Nxe3 16. fxe3 Bf7 17. Ne5 dxe5 18. Rxf7 Qd6 19. Qb3 O-O-O 20. Rc1 exd4
21. exd4 Qxd4+ 22. Kf1 Bd6 23. Qe6+ Kb8 24. Bc4 Qxb2 25. Re1 Bg3 26. Re2 Qxa3
27. Re7 Qf3+ 28. Kg1 Rd1+ 0-1

[Event "Let's Play Chess!"]
[Site "http://www.queenalice.com/game.php?id=1483319"]
[Date "2017.6.23"]
[Round "-"]
[White "igorjava"]
[Black "MAGI"]
[Result "1-0"]
[WhiteElo "1897"]
[BlackElo "1710"]

1. e4 e5 2. f4 exf4 3. Nf3 d6 4. Bc4 f5 5. d3 fxe4 6. dxe4 Qe7 7. O-O Nf6 8.
Bxf4 Nxe4 9. Re1 Kd8 10. Bg5 Qxg5 11. Nxg5 Nxg5 12. Nc3 1-0

[Event "Let's Play Chess!"]
[Site "http://www.queenalice.com/game.php?id=1486986"]
[Date "2017.7.22"]
[Round "-"]
[White "MAGI"]
[Black "PatricioKM"]
[Result "1/2-1/2"]
[WhiteElo "1694"]
[BlackElo "1719"]

1. d4 d5 2. Nc3 Nf6 3. Nf3 Nc6 4. Bg5 h6 5. Bxf6 exf6 6. e3 a6 7. Bd3 Bg4 8. O-O
Bd6 9. h3 Bh5 10. Qe1 O-O 11. Nxd5 Bxf3 12. gxf3 Qd7 13. Kg2 Rfe8 14. Rh1 Nxd4
15. Qc3 Nb5 16. Bxb5 axb5 17. a3 Be5 18. Qd3 Bxb2 19. Nxf6+ gxf6 20. Qxd7 Bxa1
21. Rxa1 b4 22. a4 c5 23. Qxb7 Reb8 24. Qc6 Rc8 25. Qxf6 c4 26. Qxh6 b3 27. cxb3
c3 28. Qg5+ Kh7 29. h4 Rg8 30. Rc1 Rxg5+ 31. hxg5 Rc8 32. b4 Kg6 33. f4 Kf5 34.
Kf3 Rc4 35. e4+ Rxe4 36. Rxc3 Rxf4+ 37. Ke2 Rxb4 38. Rc7 Kxg5 39. Rxf7 Rxa4 40.
Rg7+ 1/2-1/2

[Event "Challenge"]
[Site "http://www.queenalice.com/game.php?id=1489118"]
[Date "2017.8.7"]
[Round "-"]
[White "Rider"]
[Black "MAGI"]
[Result "0-1"]
[WhiteElo "1620"]
[BlackElo "1680"]

1. e4 d5 2. e5 e6 3. d4 Nc6 4. c3 Be7 5. Qf3 Nh6 6. Bxh6 gxh6 7. Bb5 Bd7 8. Ne2
Nxd4 9. Nxd4 Bxb5 10. Nxb5 a6 11. Nd4 f6 12. exf6 Bxf6 13. Nxe6 Qe7 14. Qxd5 Rd8
15. Qe4 Rd6 16. Nxc7+ Kd8 17. Qxe7+ Bxe7 18. Na8 Bf6 19. Na3 b5 20. Rd1 Re8+ 21.
Kf1 Rxd1# 0-1

[Event "Let's Play Chess!"]
[Site "http://www.queenalice.com/game.php?id=1495406"]
[Date "2017.9.20"]
[Round "-"]
[White "MAGI"]
[Black "PatricioKM"]
[Result "0-1"]
[WhiteElo "1695"]
[BlackElo "1690"]

1. e4 e5 2. Nc3 Nf6 3. Bc4 Bc5 4. Nf3 Ng4 5. d4 exd4 6. O-O dxc3 7. bxc3 d6 8.
Ng5 O-O 9. h3 Ne5 10. Bd5 Ba3 11. Rb1 c6 12. Bxa3 cxd5 13. Qxd5 Qxg5 14. Bxd6
Nbc6 15. Bxf8 Kxf8 16. Rbd1 Be6 17. Qc5+ Kg8 18. Rd3 Nf3+ 19. Rxf3 Qxc5 20. Rb1
b6 0-1

[Event "Let's Play 168"]
[Site "http://www.queenalice.com/game.php?id=1513836"]
[Date "2018.2.8"]
[Round "-"]
[White "digger"]
[Black "MAGI"]
[Result "0-1"]
[WhiteElo "1736"]
[BlackElo "1679"]

1. e3 e5 2. d4 f6 3. e4 d5 4. c3 Bd6 5. exd5 e4 6. Bc4 Ne7 7. Bb5+ Bd7 8. Bc4
O-O 9. Qe2 Bf5 10. g4 Bg6 11. h4 h5 12. gxh5 Bh7 13. Qg4 Qc8 14. Qg2 Qf5 15. Bh6
Rf7 16. Be2 e3 17. fxe3 Qc2 18. Bf3 Qxg2 19. Bxg2 gxh6 20. Rh3 Rg7 21. Kf2 Bf5
22. Rh1 Bg3+ 23. Kf1 Rg4 24. Bf3 Bd3+ 25. Be2 Bxe2+ 26. Kxe2 Nd7 27. Kf3 Rg7 28.
Ne2 Bd6 29. Nd2 Nxd5 30. c4 Bb4 31. Rad1 Ne7 32. a3 Bxd2 33. Rxd2 Nf5 34. Kf4
Ne7 35. e4 Rf8 36. d5 Nb6 37. b3 Kh7 38. Nd4 Rfg8 39. a4 Rg3 40. Nf3 Nd7 41. b4
R8g4+ 42. Ke3 Ne5 43. Rf2 Nxc4+ 44. Ke2 Rxe4+ 45. Kd1 Ne5 46. Nd2 Rd4 47. Kc2
Nxd5 48. Rb1 Nxb4+ 49. Kd1 Ng4 50. Re2 Ne3+ 51. Kc1 Nd3# 0-1

[Event "Let's Play Chess!"]
[Site "http://www.queenalice.com/game.php?id=1570496"]
[Date "2019.5.11"]
[Round "-"]
[White "MAGI"]
[Black "Daniel1962"]
[Result "0-1"]
[WhiteElo "1697"]
[BlackElo "1820"]

1. e4 e5 2. Nc3 Bc5 3. Nf3 d6 4. Bc4 Nc6 5. O-O Nh6 6. d3 Ng4 7. Qe2 Nd4 8. Nxd4
Bxd4 9. Qf3 Qh4 10. Qxf7+ Kd8 11. h3 h5 12. hxg4 hxg4 13. Bg5+ Qxg5 14. Nd5 Bd7
15. Qe7+ Qxe7 16. Nxe7 Kxe7 17. c3 Bb6 18. g3 Rh3 19. Kg2 Rah8 20. Rh1 Rxh1 21.
Rxh1 Rxh1 22. Kxh1 Bxf2 23. Kg2 Be3 24. Kf1 Bc1 0-1

[Event "Let's Play Chess!"]
[Site "http://www.queenalice.com/game.php?id=1631729"]
[Date "2020.11.3"]
[Round "-"]
[White "MAGI"]
[Black "Reddaz"]
[Result "0-1"]
[WhiteElo "1684"]
[BlackElo "1952"]

1. d4 e6 2. Nf3 Nf6 3. a3 c5 4. e3 Nc6 5. Bb5 Qa5+ 6. Nc3 Ne4 7. O-O Nxc3 8. Bd2
Qxb5 9. Bxc3 d6 10. d5 exd5 11. Qxd5 Be6 12. Qe4 d5 13. Qd3 c4 14. Qd1 Bg4 15.
Nd4 Nxd4 16. Qxd4 Qd7 17. e4 Be6 18. exd5 Qxd5 19. Qxd5 Bxd5 20. Rfe1+ Be6 21.
Rad1 Rd8 22. Rxd8+ Kxd8 23. Bd4 a6 24. Rd1 Kc8 25. b3 Bxa3 26. bxc4 Rd8 27. Rd3
Bxc4 28. Rxa3 Rxd4 29. h3 Bb5 0-1

[Event "Let's Play Chess!"]
[Site "http://www.queenalice.com/game.php?id=1785412"]
[Date "2022.3.21"]
[Round "-"]
[White "MAGI"]
[Black "igor12345"]
[Result "0-1"]
[WhiteElo "1679"]
[BlackElo "2016"]

1. e4 c5 2. Nf3 d6 3. Bb5+ Bd7 4. Bxd7+ Nxd7 5. O-O Ngf6 6. Qe2 e6 7. b3 a6 8.
h3 Be7 9. Bb2 O-O 10. c4 Qc7 11. e5 Ne8 12. exd6 Nxd6 13. d3 Bf6 14. d4 b6 15.
d5 exd5 16. cxd5 Bxb2 17. Qxb2 Nf6 18. Qe5 Rfe8 19. Qf4 Nxd5 20. Qd2 Nf6 21. Nc3
Rad8 22. Nd5 Nxd5 23. Qxd5 Nb5 24. Qh5 h6 25. Qg4 Nd4 26. Nxd4 Rxd4 27. Qf5 Rf4
28. Qc2 a5 29. Rfe1 Rd8 30. Re4 Rf6 31. Rd1 Rfd6 32. Rxd6 Qxd6 33. Re1 Qd7 34.
Qe2 Kf8 0-1

[Event "Let's Play Chess!"]
[Site "http://www.queenalice.com/game.php?id=1794361"]
[Date "2022.8.16"]
[Round "-"]
[White "MAGI"]
[Black "ulisses34"]
[Result "1/2-1/2"]
[WhiteElo "1676"]
[BlackElo "1636"]

1. d4 d5 2. Nf3 Nc6 3. Bf4 e6 4. Nc3 a6 5. a3 Bd6 6. Bxd6 cxd6 7. e3 Nh6 8. Be2
Nf5 9. O-O Nh4 10. Nxh4 Qxh4 11. Bh5 O-O 12. Qf3 Ne7 13. e4 Ng6 14. h3 f5 15.
exd5 exd5 16. Qxd5+ Kh8 17. Bxg6 hxg6 18. Qxd6 Rd8 19. Qxg6 Rxd4 20. Qg3 1/2-1/2

[Event "Let's Play Chess!"]
[Site "http://www.queenalice.com/game.php?id=1797219"]
[Date "2022.10.4"]
[Round "-"]
[White "Charles56"]
[Black "MAGI"]
[Result "0-1"]
[WhiteElo "1737"]
[BlackElo "1674"]

1. Nc3 d5 2. d4 Nf6 3. h3 h6 4. Nf3 Nc6 5. e3 a6 6. a3 e6 7. Bd3 Bd6 8. Bd2 O-O
9. g4 e5 10. dxe5 Bxe5 11. g5 hxg5 12. Nxg5 Ne4 13. Bxe4 Qxg5 14. Nxd5 Bf5 15.
Bxf5 Qxf5 16. Qe2 Qe4 17. Rg1 Qxd5 18. O-O-O Qb5 19. Qxb5 axb5 20. h4 b4 21.
Bxb4 Nxb4 22. axb4 Rfd8 23. Rxd8+ Rxd8 24. f4 Ra8 25. fxe5 Ra1+ 26. Kd2 Rxg1 27.
c4 Rg4 28. b3 Rxh4 29. Kd3 b6 30. b5 g5 0-1

[Event "Let's Play Chess!"]
[Site "http://www.queenalice.com/game.php?id=1798694"]
[Date "2022.10.26"]
[Round "-"]
[White "MAGI"]
[Black "alterego"]
[Result "0-1"]
[WhiteElo "1693"]
[BlackElo "1550"]

1. d4 g6 2. Nf3 Bg7 3. g3 Nf6 4. e3 a6 5. Nc3 b5 6. b4 Nc6 7. Bg2 Nxb4 8. O-O c6
9. Ba3 Nbd5 10. Nxd5 Nxd5 11. Ng5 O-O 12. Bxd5 cxd5 13. e4 dxe4 14. Nxe4 Bb7 15.
Ng5 d6 16. c3 Qa5 17. Bb4 Qb6 18. Qe2 Rae8 19. Ne6 fxe6 20. Qxe6+ Kh8 21. Rae1
Qc6 22. Qe4 Qxe4 23. Rxe4 Bxe4 24. f4 Bd3 25. Re1 e5 26. Bxd6 Rf7 27. fxe5 Rc8
28. e6 Rf6 29. Be5 Rxe6 30. Bxg7+ Kxg7 31. Rxe6 a5 32. a4 bxa4 33. Ra6 Bxa6 0-1

[Event "Let's Play Chess!"]
[Site "http://www.queenalice.com/game.php?id=1798742"]
[Date "2022.10.28"]
[Round "-"]
[White "rodrigoma85"]
[Black "MAGI"]
[Result "1/2-1/2"]
[WhiteElo "1560"]
[BlackElo "1671"]

1. e4 d5 2. exd5 Qxd5 3. Nc3 Qd6 4. Nf3 Bg4 5. Be2 a6 6. O-O Nf6 7. d4 h5 8. Bg5
Bxf3 9. Bxf3 Ng4 10. Bxg4 hxg4 11. g3 Qg6 12. Qxg4 Qh5 13. Qxh5 Rxh5 14. h4 Nc6
15. g4 Rh8 16. d5 Nd4 17. Kg2 g6 18. Rac1 Bh6 19. Bxh6 Rxh6 20. Kg3 c5 21. Rfe1
Kd7 22. f4 f5 23. g5 Rh5 24. Na4 Kd6 25. b3 b5 26. Nb2 b4 27. c4 e6 28. Re5 Rah8
1/2-1/2

[Event "Let's Play 668"]
[Site "http://www.queenalice.com/game.php?id=1808795"]
[Date "2023.4.1"]
[Round "-"]
[White "digger"]
[Black "MAGI"]
[Result "0-1"]
[WhiteElo "1690"]
[BlackElo "1667"]

1. e4 e5 2. d4 exd4 3. Qxd4 Nc6 4. Qe3 d6 5. Bc4 Nf6 6. Nf3 Qe7 7. Bd2 Bg4 8.
Nh4 Qe5 9. Bc3 Qxe4 10. Bd3 Qe6 11. Na3 O-O-O 12. O-O d5 13. Rfe1 d4 14. Qxe6+
fxe6 15. Bd2 Nb4 16. Bxb4 Bxb4 17. Re5 Nd7 18. Re4 Nf6 19. Re5 Rd5 20. Rxd5 exd5
21. h3 Bd7 22. Nf3 Bxa3 23. bxa3 Ne4 24. Ne5 Ba4 25. Rb1 Nc3 26. Rb2 g6 27. Nf3
c5 28. Ne5 a6 29. Nf7 Rf8 30. Ng5 Bb5 31. Ne6 Rxf2 32. Kxf2 Nd1+ 33. Kg1 Nxb2
34. Nxc5 b6 35. Bxb5 axb5 36. Nb3 d3 37. cxd3 Nxd3 38. Nd4 b4 39. a4 Nc1 40. g4
Nxa2 41. Nb5 b3 42. Kf2 b2 43. Na3 Nc3 44. Ke3 b1=Q 45. Nxb1 Nxb1 46. Kd4 Kb7
47. Kxd5 Nc3+ 48. Ke5 Nxa4 49. Kf6 b5 50. Kg7 b4 51. Kxh7 b3 52. g5 b2 53. Kxg6
b1=Q+ 54. Kh6 Qh1 55. g6 Qxh3+ 56. Kg5 Qh8 57. Kf5 Qg8 58. Kf6 Nc5 59. g7 Ne6
60. Kg6 Nxg7 61. Kf6 Ne8+ 62. Ke5 Qg6 63. Kd5 Qd6+ 64. Ke4 Qc5 65. Kd3 Qb4 66.
Ke3 Nd6 67. Kd3 Qc4+ 68. Ke3 Kc6 69. Kf3 Qe4+ 70. Kf2 Nf5 71. Kf1 Qe3 72. Kg2
Nh4+ 73. Kh2 Qf3 74. Kg1 Qg2# 0-1